Statistics for Lowest Percent of Population in The Capital - Americas

Click here to take the quiz!

General Stats

  • This quiz has been taken 10 times
  • The average score is 9 of 10

Answer Stats

#PercentAnswer% Correct
2706.84%Bolivia / La Paz
100%
3501.33%Brazil / Brasilia
100%
3302.64%Canada / Ottawa
100%
3202.66%Trinidad and Tobago / Port of Spain
100%
3600.21%United States / Washington D.C.
100%
3004.29%Belize / Belmopan
90%
2806.79%Costa Rica / San Jose
90%
2905.77%Guatemala / Guatemala City
90%
3402.64%Bolivia / Sucre
80%
3103.71%El Salvador / San Salvador
80%

Score Distribution

Percentile by Number Answered

Percent of People with Each Score

Your Score History

You have not taken this quiz